Movies Quiz

Random Movies or Football Quiz

Football Movies Quiz Stats

 Plays Quiz Updated Nov 5, 2018

     
Support Sporcle.
Go Orange.
Score 0/28 Timer 08:00
1 Play Today
Year Movie % Correct
2000Remember the Titans
82.1%
1974/2005The Longest Yard
79.3%
1998Waterboy
75.9%
2000The Replacements
74.1%
1999Any Given Sunday
65.6%
1993Rudy
64.5%
2004Friday Night Lights
63.9%
1996Jerry Maguire
61.4%
2006We Are Marshall
58.2%
2007Leatherheads
57%
1999Varsity Blues
54.7%
2006Invincible
52.9%
2003Radio
51.1%
2006Gridiron Gang
43.7%
Year Movie % Correct
1994Little Giants
43.6%
2007The Game Plan
33.7%
1993The Program
24.3%
1986Wildcats
23.5%
1983All the Right Moves
21.3%
2008The Express
20.9%
1991The Last Boy Scout
20.3%
1991Necessary Roughness
17.1%
1979North Dallas Forty
14.5%
1940Knute Rockne All American
14.2%
1978Heaven Can Wait
12.5%
2002The Junction Boys
7%
1988Everybody's All-American
6.9%
1968Paper Lion
6.7%

From the Vault

Shark Anatomy

by sssnakesss

Science 4m
We tried to find a quiz about Sharknado anatomy but apparently that is a made-up thing.
Remove Ads.
Support Sporcle.
Get the best of Sporcle when you Go Orange. This ad-free experience offers more features, more stats, and more fun while also helping to support Sporcle. Thank you for becoming a member.

Show Comments

Extras

Top Quizzes Today


Score Distribution

Your Account Isn't Verified!

In order to create a playlist on Sporcle, you need to verify the email address you used during registration. Go to your Sporcle Settings to finish the process.

Report this User

Report this user for behavior that violates our Community Guidelines.

Details: